000
00314nam a22001457a 4500
008
221205b ||||| |||| 00| 0 eng d
020
_a
9780077660772
041
_a
eng
080
_a
330.1
082
_a
330.1MCC
100
_a
23.1
101
_a
MACRO
245
_a
MACROECONOMICS
_c
McCONNELL
942
_2
udc
_c
BK
999
_c
59101
_d
59101